000 00629nam a2200193 a 4500
001 000016508
005 20240715140508.0
008 100305s2004 dr a 000 0 spa d
020 _a9993424129
040 _aDO-SdBNP
_bspa
_cBNPHU
082 _axxxx
_bE24s
245 0 0 _aEducar sujetos con raices :
_bMemoria-identidad-proyecto /
_ccuidado de edición Raymundo González.
260 _aSanto Domingo :
_bCentro Cultural Poveda,
_c2004.
300 _a196 p. :
_bil. ;
_c25 cm.
490 1 _aAnuario pedagócico
_vv. 7
700 _aGonzález, Raymundo
_eed.
_96373
830 0 _aAnuario pedagócico
_nno. 7
_936744
049 _aBNPD
999 _c16042
_d16042